01927 a2200313 45000010006000000050017000060080041000230030015000640400040000790800073001192450046001920200018002382640033002563000031002895050895003200410008012151000023012237000030012467000027012767000028013037000025013317000023013567000025013797000023014047000031014277000031014587000029014898560095015184109220260407155704.0260407a1995 arg spa dAR-UNSa-BCEJYS aAR-UNSa-BCEJYSbspacAR-UNSa-BCEJYS a347.91xProcedimientos civiles particulares (Derecho Procesal Civil)10aEl proceso civilpBuenos Aires y Nación a950-894-015-8 1aBuenos Aires :bAD-HOCc1995 a2 v. (373 ; 90 p.)c23 cm. aVol. I: 1. Los recursos procesales - 2. Procedimiento en segunda instancia - 3. Procesos sumarios y sumarísimos - 4. Justicia de Paz letrada de la Provincia de Buenos Aires - 5. Medidas cautelares - 6. Juicio ejecutivo - 7. Procesos voluntarios - 8. Modos anormales de terminación del proceso - 9. Los tribunales de familia en la Provincia de Buenos Aires -- Vol. II: 1. La mediación - 2. Ejecución de sentencias: tratados. Mercosur - 3. Ley 24.441. Las letras hipotecarias. Su ejecución. Pautas sobre ejecución hipotecaria incorporadas al Código Cívil. Modificaciones al Código Procesal Civil y Comercial de la Nación - 4. Honorarios de peritos - 5. Régimen de la prueba - 6. Ejecuciones y procesos especiales - 7. Habeas data - 8. Exclusión o reintegro al hogar como medida cautelar - 9. Demanda por declaración de inconstitucionalidad y conflictos de poderes -  aspa1 aCalosso, Severo J.1 aWitthaus, Rodolfo Ernesto1 aIacobelli, Graciela S.1 aJarowitzky, Patricia A.1 aPedemonte, Susana G.1 aSuares, Roberto C.1 aSuárez, Ricardo H.1 aVallejos, Mario A.1 aMaffía, Leticia Mónica1 aPedemonte, Susana Graciela1 aVázquez Seoane, Daniel41uhttps://biblioeco.unsa.edu.ar/pmb/images/libros/L126364.jpgyImagen de portadaqimage/jpeg